Sistemas de informacin̤ para la industria de la construccin̤

Detalles Bibliográficos
Autor principal: Matheln̕ Leyva, Carlos R.
Formato: eBook
Lenguaje:español
Publicado: Ciudad de Mx̌ico: Instituto Mexicano de Contadores Pb︢licos, 2018
Materias:
Acceso en línea:Acceso restringido

MARC

LEADER 00000nam a22000007a 4500
005 20180518214857.0
007 cr|||| ||||
008 180518s2018 mx |||||s|||| 00||0 spa d
020 |a 978-607-8552-56-6 
035 |a 21721 
040 |a vLex 
090 |c 7981  |d 7981 
100 1 |a Matheln̕ Leyva, Carlos R. 
245 1 0 |a Sistemas de informacin̤ para la industria de la construccin̤  |h [Recurso electrn̤ico] /  |c Carlos R. Matheln̕ Leyva 
256 |a Servicio en ln̕ea 
260 |a Ciudad de Mx̌ico:  |b Instituto Mexicano de Contadores Pb︢licos,  |c 2018 
300 |a 1 recurso electrn̤ico 
506 1 |a Disponible solo en los productos indicados  |d vLex Global  |d vLex Global (Academic Edition, excluding Law Schools)  |d vLex Global (U.S. Academic Edition, Law Schools)  |d vLex Global (U.S. Academic Edition, excluding Law Schools)  |d vLex Global (Academic Edition, Law Schools) 
650 0 4 |a Derecho Fiscal  |z Mx̌ico 
740 0 |a vLex Libros (Servicio en ln̕ea) 
856 4 0 |u http://vlex.com/source/sistemas-informacion-industria-construccion-21721  |z Acceso restringido 
942 |c BOOK 
999 0 |a Tax Law